000 00402nam a22001577a 4500
003 MPLRDC
005 20220104142633.0
008 210129b ||||| |||| 00| 0 eng d
082 _a337.953 CYDL
100 _a池原典利等著
245 _a晶体管电路设计
_c
260 _a
_b实学出版社
_c
300 _b
650 _a电子学; 电子物理学--电路
942 _cBK
_o337.953 CYDL
999 _c32497
_d32487